000
00218 a2200097 4500
001
14268
100
_a
Edmunds, E.W
245
_a
English composition
260
_a
London
_b
Univ tutorial press
_c
090
_c
11179
_d
11179
942
_a
NUST-CAE
_c
M
_c
1313
999
_c
249341
_d
249341